| 000 | 00370nam a2200145Ia 4500 | ||
|---|---|---|---|
| 008 | 150201s2005 xx 000 0 und d | ||
| 082 |
_a616.462 _bS05M |
||
| 100 | _aMAZZE, ROGER S. | ||
| 245 | _aSTAGED DIABETES MANAGEMENT : ASYSTEMATIC APPROACH | ||
| 250 | _a2ND | ||
| 260 |
_bJOHN WILEY _aENGLAND _c2005 |
||
| 300 | _a1-441 | ||
| 650 | _aDIABETES | ||
| 942 |
_2ddc _cBK _01 |
||
| 999 |
_c1760 _d1760 |
||